Welcome to the Holygrace Academy Library

Please use search bar below to get started

SATURDAY BLOODY SATURDAY (Record no. 9121)

MARC details
000 -LEADER
fixed length control field 00331nam a22001337a 4500
082 ## - DEWEY DECIMAL CLASSIFICATION NUMBER
Classification number 823
Item number CAM/S
100 ## - MAIN ENTRY--AUTHOR NAME
Personal name CAMPBELL, ALASTAIR
245 ## - TITLE STATEMENT
Title SATURDAY BLOODY SATURDAY
246 ## - VARYING FORM OF TITLE
Title proper/short title SATURDAY BLOODY SATURDAY
Remainder of title SATURDAY BLOODY SATURDAY
260 ## - PUBLICATION, DISTRIBUTION, ETC. (IMPRINT)
Place of publication U K
Name of publisher ORION BOOKS
Year of publication 2018
300 ## - PHYSICAL DESCRIPTION
Number of Pages 401
650 ## - SUBJECT ADDED ENTRY--TOPICAL TERM
Topical Term ENGLISH STORY
942 ## - ADDED ENTRY ELEMENTS (KOHA)
Koha item type Books
Holdings
Withdrawn status Lost status Collection code Home library Current library Date acquired Source of acquisition Full call number Accession Number Koha item type
    ENGLISH FICTION Main Library Main Library 20/06/2025 COTRIBUTION 823 CAM/S 13830 Books